00528nam a22002057a 450000500170000001000130001702000210003003500130005103700160006404000120008008200110009210000210010324500400012426000360016427000350020030000200023550000230025565000250027865000190030320170124110115.0 aA-753001 c00.00a812500324 aA-753001 bCen Lib/Ret aDPLbEN aNbGOK aGokhale, Shanta  aRita Welinkar /cby Shanta Gokhale  aBombay bOrient Longman .c1995 bBombay akamani marg e400038 a181p.c19cm(Hb) aIncludes glossary  aLiterature xFiction aEnglish novel